000 01131cab a2200193 4500
001 ##L131335
008 051021n2005 000 0 eng u
035 _a(Sirsi) u131335
041 0 _aeng
100 1 _aMaxwell, Ingval
245 0 0 _aAction against fire
260 _c2005
490 0 _aFire Protection Fire Engineers Journal
_v65(261) October 2005, 20-23(4)
520 _aReports on the activities of COST Action C17, a four-year programme to encourage European co-operation in addressing the protection of historic buildings from fire. The group was formally launched in December 2002, and has 20 members, including the UK. Four interlinked expert working groups have been established, which meet on a regular basis. It is hoped that by the end of the programme methodologies and management systems will be in place to assist end-users in balancing fire engineering needs with the conservation requirements of historic buildings.
590 _aIKA251005
650 2 4 _aBUILT HERITAGE: FIRE LOSS TO HISTORIC BUILDINGS
690 _aBUILT ENVIRONMENT-BUILDING TYPES-HISTORIC BUILDINGS AND ANCIENT MONUMENTS
942 _n0
999 _c76046
_d76046